Hoá lý cấu tạo phân tử và liên kết hoá học

Sách trình bày một cách hệ thống các kiến thức cơ bản, hiện đại về các vấn đề có quan hệ mật thiết tương hỗ: cơ sở cơ học lượng tử, cấu trúc electron nguyên tử, cấu tạo phân tử và liên kết hoá học ......

Deskribapen osoa

Gorde:
Xehetasun bibliografikoak
Egile nagusia: Nguyễn, Văn Xuyến
Formatua: Liburua
Hizkuntza:Undetermined
Argitaratua: Hà Nội Khoa học và Kỹ thuật 2005
Gaiak:
Etiketak: Etiketa erantsi
Etiketarik gabe, Izan zaitez lehena erregistro honi etiketa jartzen!
Thư viện lưu trữ: Trung tâm Học liệu Trường Đại học Cần Thơ
LEADER 00985nam a2200217Ia 4500
001 CTU_100182
008 210402s9999 xx 000 0 und d
020 |c 34000 
082 |a 541.3 
082 |b X527 
100 |a Nguyễn, Văn Xuyến 
245 0 |a Hoá lý cấu tạo phân tử và liên kết hoá học 
245 0 |c Nguyễn Văn Xuyến 
260 |a Hà Nội 
260 |b Khoa học và Kỹ thuật 
260 |c 2005 
520 |a Sách trình bày một cách hệ thống các kiến thức cơ bản, hiện đại về các vấn đề có quan hệ mật thiết tương hỗ: cơ sở cơ học lượng tử, cấu trúc electron nguyên tử, cấu tạo phân tử và liên kết hoá học ... 
650 |a Chemistry, physical and theoretical 
650 |x Molecular structure 
904 |i Hiếu 
980 |a Trung tâm Học liệu Trường Đại học Cần Thơ